000 00910cam a22002651i 4500
001 gs 08000320
003 DLC
005 20260227111307.0
008 790411s1908 dcuabf b f001 0 eng
010 _ags 08000320
035 _a(OCoLC)4844503
040 _aDLC
_cICharE
_dDLC
043 _an-us-ky
_an-us-va
050 0 0 _aQE75
_b.B9 no. 348
100 1 _aStone, Ralph W.
_q(Ralph Walter),
_d1876-1964.
245 1 0 _aCoal resources of the Russell Fork basin in Kentucky and Virginia /
_cby Ralph W. Stone.
260 _aWashington,
_bGovt. Print. Off.,
_c1908.
300 _a127 p. :
_bill., viii pl. (part fold., incl. 2 maps in pocket) diagrs. ;
_c24 cm.
490 1 _aU.S. Geological survey. Bulletin 348
504 _aBibliography : p. 121-122.
500 _aIncludes index.
650 0 _aCoal
_zKentucky.
650 0 _aCoal
_zVirginia.
810 2 _aGeological Survey (U.S.).
_tBulletin ;
_vno. 348.
999 _c24749
_d24749